000 00394nam a22001337a 4500
999 _c126060
_d126060
005 20170220075259.0
008 170208b xxu||||| |||| 00| 0 eng d
050 _aSPC BX1756.S464
100 _aEllis, Phil (ed.)
_928659
245 _aA select collection of Catholick sermons
_cby Ellis, Phil (et al)
260 _aLondon
_bIHS
_c1741-1742
300 _a2v, 446p.;
_c22cm.
942 _2lcc
_cSPC